000 01001cam a2200289 a 4500
003 OSt
005 20171117163751.0
008 071001s2006 mex 001 0 spa d
020 _a970-26-0759-0
040 _cBMC
082 _a658.15
082 _a519.536
100 1 _aHanke, John E.
_98460
245 1 0 _aPronósticos en los negocios
_cJohn E. Hanke, Dean W. Wichern ; traducción, Astrid Mues Zepeda , Ekaterina Guerrero Ushakova‏ ; revisión técnica, Andrés González Nucamendi
250 _a8ª ed
260 _aMéxico D.F.
_bMc-Graw Hill
_c2006
300 _aXV, 535 p.
_c25 cm
_e+ 1 disco compacto
490 _aPearson Educación
595 _aTraducción de: Business forecasting
650 2 4 _aEmpresas
_95713
_xFinanzas
650 2 4 _aAnálisis de regresión
_926503
700 1 _aWichern, Dean W.‏
_926501
700 1 _aMues Zepeda, Astrid
_98761
700 1 _aGonzález Nucamendi, Andrés
_926511
700 1 _aGuerrero Ushakova, Ekaterina‏
_926502
942 _2ddc
_cBK
999 _c14534
_d14534